| 000 | 00671nam a2200205Ia 4500 | ||
|---|---|---|---|
| 003 | IN-BaIIA | ||
| 008 | 211028s9999 xx 000 0 eng d | ||
| 020 | _a0-521-23015-2 | ||
| 040 | _cIIA Library | ||
| 080 |
_a524.5(083.8) _bMAL |
||
| 100 |
_aMallas, John H _911189 |
||
| 245 | 4 |
_aThe messier album _ban observers handbook _cJohn H Mallas and Evered Kreimer |
|
| 260 |
_aCambridge _bCambridge University Press _c1978 |
||
| 300 | _aviii, 216p. | ||
| 650 | _aAstronomy and astrophysics thesaurus | ||
| 650 |
_aNebulae catalogue _911190 |
||
| 650 |
_aStars-catalogue _9967 |
||
| 700 |
_aKreimer, Evered _911191 |
||
| 942 | _cBK | ||
| 999 |
_c6538 _d6538 |
||